000 01378cam a22001814a 4500
005 20250605164349.0
008 250528s ||||||||||||||||||||||||d
035 _a24090
040 _aGR-AtMCL
_bgre
_dGR-AtMCL
_eAACR2
245 1 _aΗ Ανάκαμψη της Αθήνας Περνά Μέσα από την Οικονομική της Αναζωογόνηση / Στόχος μας είναι να Δώσουμε μια Οριστική Λύση για τη Βιωσιμότητα της Λειτουργίας των Επιμελητηρίων
260 _bΕμπορικό Και Βιομηχανικό Επιμελητήριο Αθηνών,
_c2014
300 _a64
520 _aSustainable Greece 2020, Η Συμβολή της Ε.Ε. ως Αρωγού Ανθρωπιστικής Βοήθειας στον Κόσμο, Τα Πρώτα Σημάδια της Αμφισβήτησης της Γερμανικής Κυριαρχίας στην Ε.Ε., Τι Περιλαμβάνει το Προσχέδιο του Προϋπολογισμού, Κερδίζουν Έδαφος οι e-Αγορές, Οι Ελληνικές Επιχειρήσεις που Ξεχωρίζουν Διαχρονικά, Δυναμώνει η Αγορά Αυτοκινήτου.
700 1 _aΜίχαλος Κωνσταντίνος
_94319
942 _cCR
999 _c8989
_d8989